|
|
|
|
| LEADER |
00885nab a2200205 i 4500 |
| 001 |
acta86640 |
| 005 |
20250214141534.0 |
| 008 |
250214s2021 hu o 000 hun d |
| 022 |
|
|
|a 2560-1911
|
| 040 |
|
|
|a SZTE Egyetemi Kiadványok Repozitórium
|b hun
|
| 041 |
|
|
|a hun
|
| 100 |
1 |
|
|a Gombár Zsófia
|
| 245 |
1 |
2 |
|a A német igazságszolgáltatás felépítése és működése
|h [elektronikus dokumentum] /
|c Gombár Zsófia
|
| 260 |
|
|
|a Szegedi Tudományegyetem, Állam- és Jogtudományi Kar, Összehasonlító Jogi és Jogelméleti Intézet
|b Szeged
|c 2021
|
| 300 |
|
|
|a 11
|
| 490 |
0 |
|
|a Comparative Law Working Papers
|v 5 No. 3
|
| 650 |
|
4 |
|a Társadalomtudományok
|
| 650 |
|
4 |
|a Jogtudomány
|
| 695 |
|
|
|a Igazságszolgáltatás - német, Bírósági szervezet - német, Bíráskodás - német
|
| 856 |
4 |
0 |
|u http://acta.bibl.u-szeged.hu/86640/1/comparative_law_2021_003_007.pdf
|z Dokumentum-elérés
|